Exergy : theory and applications in the built environment /

Bibliographic Details
Main Author: Shukuya, Masanori
Corporate Author: Ebook Library
Format: eBook
Language:English
Published: London : Springer, [2013]
Series:Green energy and technology.
Subjects:
Online Access:Connect to the full text of this electronic book

MARC

Tag First Indicator Second Indicator Subfields
LEADER 00000cam a2200000Mu 4500
001 in00002866310
006 m o d
007 cr |n|---|||||
008 121213s2013 enka ob 000 0 eng d
005 20250816212513.8
020 |a 9781447145738 
020 |a 1447145739 
035 |a (OCoLC)ocn823386406 
035 |a (OCoLC)823386406 
040 |a MHW  |b eng  |c MHW  |d OCLCO  |d TXA  |d UtOrBLW 
049 |a TXAM 
050 4 |a TJ265  |b .S58 2013eb 
100 1 |a Shukuya, Masanori. 
245 1 0 |a Exergy :  |b theory and applications in the built environment /  |c Masanori Shukuya. 
264 1 |a London :  |b Springer,  |c [2013] 
264 4 |c ©2013 
300 |a 1 online resource (xii, 365 pages) :  |b illustrations (some color) 
336 |a text  |b txt  |2 rdacontent 
337 |a computer  |b c  |2 rdamedia 
338 |a online resource  |b cr  |2 rdacarrier 
490 1 |a Green energy and technology 
504 |a Includes bibliographical references. 
588 |a Description based on print version record. 
500 |a Electronic resource. 
650 0 |a Exergy. 
650 0 |a Heating. 
650 0 |a Buildings  |x Environmental engineering. 
655 7 |a Electronic books.  |2 local 
710 2 |a Ebook Library. 
776 0 8 |i Print version:  |z 9781447145721 
830 0 |a Green energy and technology. 
856 4 0 |u https://ebookcentral.proquest.com/lib/tamucs/detail.action?docID=1081739  |y Connect to the full text of this electronic book  |t 0 
948 |a cataloged  |b h  |c 2013/2/22  |d c  |e jlanham  |f 11:08:47 am 
994 |a C0  |b TXA 
999 f f |s 0773605e-ed86-3608-a567-f3b7f5fa1575  |i e624c7cc-6193-3e51-a4ec-2a88a8be8bc1  |t 0 
999 |a MARS 
952 f f |a Texas A&M University  |b College Station  |c Electronic Resources  |d Available Online  |t 0  |e TJ265 .S58 2013eb  |h Library of Congress classification 
998 f f |a TJ265 .S58 2013eb  |t 0  |l Available Online